Statistics for Geography Questions #23: Words Within Country Names (Europe)

Click here to take the quiz!

General Stats

  • This quiz has been taken 62 times
  • The average score is 10 of 13

Answer Stats

WordCountry% Correct
germGERMany
98%
landPoLAND
98%
wayNorWAY
93%
markDenMARK
85%
moldMOLDova
85%
portPORTugal
78%
painSPAIN
78%
oatCrOATia
72%
keyTurKEY
72%
rainUkRAINe
69%
loveSLOVEnia
61%
tonEsTONia
56%
tenMonTENegro
46%

Score Distribution

Percentile by Number Answered

Percent of People with Each Score

Your Score History

You have not taken this quiz